Online
Catalog

No gentle seduction / (Record no. 17695)

MARC details
000 -CABECERA
campo de control de longitud fija 00516nam a22001817a 4500
001 - NÚMERO DE CONTROL
campo de control 000018174
005 - FECHA Y HORA DE LA ÚLTIMA TRANSACCIÓN
campo de control 20200929165403.0
008 - DATOS DE LONGITUD FIJA--INFORMACIÓN GENERAL
campo de control de longitud fija 921020s1991 enk 000 0 eng
010 ## - NÚMERO DE CONTROL DE LA BIBLIOTECA DEL CONGRESO
Número de control de LC 92229284
020 ## - NÚMERO INTERNACIONAL ESTÁNDAR DEL LIBRO
Número Internacional Estándar del Libro 0263128741 :
Condiciones de disponibilidad 8.50
040 ## - FUENTE DE LA CATALOGACIÓN
Centro catalogador/agencia de origen DO-SdBNP
Centro/agencia transcriptor DLC
050 00 - SIGNATURA TOPOGRÁFICA DE LA BIBLIOTECA DEL CONGRESO
Número de clasificación PR6052.I17
Número de documento/Ítem N6 1991
100 1# - ENTRADA PRINCIPAL--NOMBRE DE PERSONA
Nombre de persona Bianchin, Helen.
9 (RLIN) 39385
245 10 - MENCIÓN DE TÍTULO
Título No gentle seduction /
Mención de responsabilidad, etc. Helen Bianchin.
260 ## - PUBLICACIÓN, DISTRIBUCIÓN, ETC.
Lugar de publicación, distribución, etc. Richmond, Surrey :
Nombre del editor, distribuidor, etc. Mills & Boon,
Fecha de publicación, distribución, etc. c1991.
300 ## - DESCRIPCIÓN FÍSICA
Extensión 189 p. ;
Dimensiones 19 cm.
910 ## - DATOS DE OPCIÓN DEL USUARIO (OCLC)
Datos de opción del usuario Catalogación por copia / LC
Holdings
Estado de retiro Estado de pérdida Restricciones de uso No para préstamo Código de colección Localización permanente Ubicación/localización actual Ubicación en estantería Fecha de adquisición Número de inventario Total de préstamos Signatura topográfica completa Código de barras Fecha visto por última vez Precio válido a partir de Tipo de ítem Koha
      Excluido de préstamo Monografías: Libros y Folletos General General En catalogación 19.04.2010 LF1   18174-10 25.06.2020 25.06.2020 No se presta

Powered by Koha